00447nam a2200157 i 450000100060000000300090000600500170001500700030003200800410003510000230007624500680009925000120016726000660017930000220024585200220026736797ES-MaACL20230906155438.0t|030219s1905 fr ||||1| fre d0 aBoutroux, Émile.10aDe la contingence des lois de la nature / cpar Emile Boutroux. a5e. ed. aParis : bFélix Alcan, c1905 (eTours : fArrault et Cie.) a170 p. ; c18 cm. aES-MaACLjF-11949